000 00475nam a22001697a 4500
005 20251108165016.0
008 250721s1985 xx 000 0 ara d
082 1 4 _a534/أحم
100 1 _aعمار، أحمد شوقي
245 1 0 _aالصوت /
264 1 _aبيروت :
_bدار الراتب الجامعية،
_c1985.
300 _a63ص
490 0 _aسلسلة الفيزياء الهندسية ؛ 5
650 1 7 _aالصوت
942 _2ddc
_cBK
999 _c19752
_d19752